000 00997nam a2200313 i 4500
001 185832
003 ES-MaACL
005 20250829112027.0
007 t|
008 160812s1980 mx |||| |dspa d
020 _a968-432-563-0
080 _a17.036.2
080 _a1(089.3)
080 _a821.124-84"01"
100 0 _aEpicteto.
_947322
245 1 0 _aManual y máximas /
_cEpicteto
_b. Soliloquios / Marco Aurelio ; estudio preliminar de Francisco Montes de Oca.
246 3 0 _aSoliloquios
250 _a2ª ed.
260 _aMéxico :
_bPorrúa,
_c1980.
300 _aLXXII, 161 p. ;
_c22 cm.
490 1 _a"Sepan cuantos..." ;
_v283
650 0 4 _aEstoicos.
_912556
650 0 4 _aFilosofía-
_vMáximas y aforismos.
_912817
700 0 _aMarco Aurelio,
_cEmperador de Roma.
_9184417
700 1 _aMontes de Oca, Francisco.
_982567
830 0 0 _aSepan cuantos_
_v283
_9180801
852 _aES-MaACL
_jL-30549
_z. - Donat. Miguel A. Velasco
999 _c185832
_d185832